000 00324 a2200157 4500
001 72793
020 _a
040 _cAnchieta - Colégio São Paulo
100 _aRachlin, Ann
240 1 0 _aMozart
_lpor
245 1 0 _aMozart
300 _a[20p.]
362 0 _a1993
650 4 _aLiteratura infanto-juvenil
942 _cBK
999 _c72793
_d72793